ბათუმის შოთა რუსთაველის სახელმწიფო უნივერსიტეტის ბიბლიოთეკა

ფსიქოანალიზი. (ბიბ.ჩანაწერი № 36599)

000 -LEADER
fixed length control field 00669nam a2200229Ia 4500
001 - CONTROL NUMBER
control field 2518
003 - CONTROL NUMBER IDENTIFIER
control field GE_BSU
008 - FIXED-LENGTH DATA ELEMENTS--GENERAL INFORMATION
fixed length control field 181216s||||||||xx |||||||||||||| ||und||
020 ## - INTERNATIONAL STANDARD BOOK NUMBER
International Standard Book Number 5520015902
040 ## - CATALOGING SOURCE
Transcribing agency GE_BSU
080 ## - UNIVERSAL DECIMAL CLASSIFICATION NUMBER
Universal Decimal Classification number 159.954.2
245 ## - TITLE STATEMENT
Title ფსიქოანალიზი.
245 ## - TITLE STATEMENT
Remainder of title თარგმანი გერმანულიდან.
245 ## - TITLE STATEMENT
Statement of responsibility, etc. [მთარგ. და რედ. ვიტალი კაკაბაძე]
260 ## - PUBLICATION, DISTRIBUTION, ETC.
Place of publication, distribution, etc. თბილისი
260 ## - PUBLICATION, DISTRIBUTION, ETC.
Name of publisher, distributor, etc. სიახლე
260 ## - PUBLICATION, DISTRIBUTION, ETC.
Date of publication, distribution, etc. 2010
300 ## - PHYSICAL DESCRIPTION
Extent 473 გვ.
653 ## - INDEX TERM--UNCONTROLLED
Uncontrolled term ფსიქოანალიზი
942 ## - ADDED ENTRY ELEMENTS (KOHA)
Koha item type წიგნი
ეგზემპლარები
Withdrawn status Lost status Damaged status Not for loan Date acquired Barcode Date last seen Price effective from Koha item type
        2018-12-17 1120 2018-12-17 2018-12-17 წიგნი